Kluby, które nie spadły z Premier League od conajmniej 10 lat - Statystyki

Ogólne statystyki
  • Ten quiz został rozwiązany 47 razy
  • Średni wynik to 7 z 9
Statystyki odpowiedzi
Ostatni sezon bez nich Kluby % Poprawnych
1974/75 Manchester United
100%
1914/15 Arsenal
98%
1988/89 Chelsea
95%
2001/02 Manchester City
95%
1961/62 Liverpool
93%
1953/54 Everton
79%
2012/13 Crystal Palace
55%
1977/78 Tottenham Hotspur
52%
2011/12 West Ham United
50%
Nie znaleziono quizów pasujących do podanych kryteriów
Rozkład punktacji
Procent ludzi z każdym wynikiem
Percentyl według liczby udzielonych odpowiedzi
Twoja historia wyników
Nie rozwiązałeś tego quizu